000 00512nam a22001817a 4500
999 _c191143
_d191143
005 20220822104148.0
010 _aENG-134518
020 _a9789381522516
_c196.00
035 _aEN-118050
037 _bDBAD/PUB
082 _aN
100 _aGolding, Willam
245 _aLord Of the Flies/
_cWillam Golding
260 _aDelhi
_bKalra Publications Ltd
_c2011
270 _a2619-20/3, New Market Nai Sarak
_bDelhi
_e110006
_mkpplbooks@hotmail.com
300 _axv, 248p.
_c23cm(hb)
942 _2ddc
_cEN
_hN
_mGOL